000 01074nam a22003017a 4500
001 BR2013010657
003 BR-BrBNA
005 20230928104330.0
007 ta
008 230509b bl.||||| |||| 00| 0 por d
040 _aBR-BrBNA
_bpor
_cBiblioteca Nacional de Agricultura
041 _a(Por)
072 _aP33; P35
090 _ P33 BR2013010657
110 1 _aSociedade Brasileira de Ciência do Solo, Londrina, Pr (Brasil). Núcleo Estadual do Paraná
_99663
110 1 _aInstituto Agrônomico do Paraná, Londrina, PR (Brasil)
_95598
111 1 _a3. Reunião Paranaense de Ciência do Solo
_cLondrina, PR (Brazil)
_d7-9 May 2013
245 1 _aResumos : sistemas conservacionistas de produção e sua interação com a ciência do solo
260 3 _aLondrina, PR (Brasil):
_c2013.
300 _a570 p.
500 _aIncludes several bibliographies; Summary (Por); 18 illus.; 16 tables
650 _aPEDOLOGIA
650 _aSOLO
650 _aFERTILIDADE DO SOLO
650 _aQUÍMICA DO SOLO
909 _a202309
_bLucia
_c55
_dLucia Elande
942 _cBK
999 _c79346
_d79346